|
|
|
|
| LEADER |
01639nam a2200397 a 4500 |
| 001 |
000448206 |
| 003 |
CZ BrMZK |
| 005 |
20210112144116.0 |
| 007 |
ta |
| 008 |
990315s1999 xo e p 0 slo d |
| 020 |
|
|
|z 482360-223-1232-0
|
| 040 |
|
|
|a BOA001
|b cze
|
| 072 |
|
7 |
|a 37.09
|x Organizace výuky a vzdělávání
|2 Konspekt
|9 22
|
| 072 |
|
7 |
|a 37.016
|x Učební osnovy. Vyučovací předměty. Učebnice
|2 Konspekt
|9 22
|
| 080 |
|
|
|a 53
|2 MRF
|
| 080 |
|
|
|a 53:001.891.5
|2 MRF
|
| 080 |
|
|
|a 37.091.3:004
|2 MRF
|
| 080 |
|
|
|a 004
|2 MRF
|
| 080 |
|
|
|a (075.8)
|2 MRF
|
| 100 |
1 |
|
|a Koubek, Václav,
|d 1948-2016
|7 jn99240000505
|4 aut
|
| 245 |
1 |
0 |
|a Fyzikálne experimenty a modely v školskom mikropočítačom podporovanom laboratóriu /
|c Václav Koubek, Igor Pecen
|
| 250 |
|
|
|a 1. vyd.
|
| 260 |
|
|
|a Bratislava :
|b Vydavateľstvo Univerzity Komenského,
|c 1999
|
| 300 |
|
|
|a 122 s. :
|b il. ;
|c 29 cm
|
| 500 |
|
|
|a Určeno pro posl. matem.-fyz. fak. - Vyd. Univ. Komenského v Bratislave. - Bibliogr.
|
| 541 |
|
|
|a Bratislava, Centrum vedecko-technických informácií SR
|
| 650 |
0 |
7 |
|a fyzika
|7 ph114601
|2 czenas
|
| 650 |
0 |
7 |
|a fyzikální pokusy
|7 ph153079
|2 czenas
|
| 650 |
0 |
7 |
|a počítačem podporovaná výuka
|7 ph138155
|2 czenas
|
| 650 |
0 |
7 |
|a výpočetní technika
|7 ph137273
|2 czenas
|
| 655 |
|
7 |
|a učebnice vysokých škol
|7 fd133772
|2 czenas
|
| 700 |
1 |
|
|a Pecen, Igor
|7 mzk2012699813
|4 aut
|
| 710 |
2 |
|
|a Univerzita Komenského v Bratislave.
|b Matematicko-fyzikálna fakulta
|7 kn20010710361
|
| 910 |
|
|
|a BOA001
|b 4-1065.921
|
| 990 |
|
|
|a BK
|
| 996 |
7 |
|
|b 2610104861
|c 4-1065.921
|l MZK
|r Sklad / do 1 hodiny
|n 3
|p vým
|w 000448206
|u 000010
|a 1
|e BOA001
|j MZK50
|s A
|